Battle of Jutland, General Knowledge - Statistics

General Stats
  • This quiz has been taken 23 times
  • The average score is 5 of 9
Answer Stats
Question Answer % Correct
What year 1916
95%
What month did it end in June
79%
What month did it start in May
79%
Who commanded the British fleet during Jutland Jellicoe & Beatty
68%
Where was the British navy stationed Scapa Flow
63%
Where was the German fleet stationed Wilhelmshaven
58%
Who commanded the German fleet during Jutland Sheer
26%
Total number of ships for Britain 151
21%
Amount of ships for Germany 99
21%
No matching quizzes found
Score Distribution
Percent of People with Each Score
Percentile by Number Answered
Your Score History
You have not taken this quiz